000 00409 a2200145 4500
005 20250627083844.0
020 _a13: 978-0-07-354508-0
082 _a658.3'02 NEW,
100 _aNEWSTROM, J.W.
245 _aSupervision: Managing for Results,
250 _a9th Ed.
260 _aNew York,
_bMcGraw-Hill Irwin,
_c2007.
300 _axix, 550p: ill, figure, picture,
_bGlossary & Index,
_c25cm.
942 _2ddc
_cBKS
999 _c5554
_d5554